Katseye - members facts - Statistics

General Stats
  • This quiz has been taken 341 times
  • The average score is 11 of 15
Answer Stats
Question Answer % Correct
Who is the main vocalist? Lara
99%
Who is the oldest member? Manon
99%
Who is the visual? Manon
99%
Who is the leader? Sophia
99%
Who is the main dancer? Daniela
98%
Who is the all rounder? Megan
98%
Who is the maknae? Yoonchae
98%
Who joined Dream academy last? Yoonchae
98%
What are their first album? S.I.S
80%
When did the debut? 2024
75%
What are their favorite song in Beautifull chaos? M.I.A
63%
Who did they do a collab with 2025? Icespice
33%
What award where they nominated for but didn't win? Best group
14%
When did their last album come out? June 27 2025
10%
What award did they win at the VMA's? Push performance of the year
9%
No matching quizzes found
Score Distribution
Percent of People with Each Score
Percentile by Number Answered
Your Score History
You have not taken this quiz